[Event "Titled Tuesday intern op 05th Mar Late"]
[Site "Chess.com INT"]
[Date "2024.03.05"]
[Round "3"]
[White "Ardila, Oscar Humberto"]
[Black "Spitzl, Vinzent"]
[Result "0-1"]
[WhiteElo "1971"]
[BlackElo "2365"]
[PlyCount "174"]
[EventDate "2024.03.05"]
[EventType "swiss (blitz)"]
[EventRounds "11"]
[EventCountry "USA"]
[SourceTitle "EXT 2025"]
[Source "ChessBase"]
[SourceDate "2024.10.14"]
[SourceVersion "1"]
[SourceVersionDate "2024.10.14"]
[SourceQuality "1"]

1. d4 Nf6 2. c4 e6 3. Nc3 d5 4. Bg5 Be7 5. Nf3 h6 6. Bh4 0-0 7. e3 b6 8. cxd5 Nxd5 9. Bxe7 Qxe7 10. Nxd5 exd5 11. Bd3 Be6 12. h3 Nd7 13. 0-0 c5 14. Rc1 Nf6 15. Ne5 Rfc8 16. Qf3 Nd7 17. Nxd7 Qxd7 18. dxc5 bxc5 19. Rfd1 Rab8 20. b3 Qe7 21. Qf4 a5 22. Be2 Rb4 23. Qg3 a4 24. Bf3 axb3 25. axb3 Qb7 26. Qd6 Rb6 27. Qe5 Rxb3 28. Bxd5 Bxd5 29. Rxd5 c4 30. Rc5 Rb4 31. Rxc8+ Qxc8 32. Qe7 Rb2 33. Qe5 Rb3 34. Qd5 Rb4 35. Qd6 Ra4 36. Qd4 Qc6 37. Qd8+ Kh7 38. Qd4 g6 39. Qf4 Kg7 40. Qe5+ Qf6 41. Qb5 Ra2 42. Rf1 c3 43. Qc4 Rb2 44. f4 Rd2 45. Rf2 Rd1+ 46. Kh2 Rd2 47. Rxd2 cxd2 48. Qd3 Qb2 49. e4 Qc1 50. Qd4+ Kh7 51. Qf6 Qc7 52. Qd4 Qxf4+ 53. g3 Qg5 54. h4 Qe7 55. Qxd2 Qxe4 56. Qf2 Qe6 57. Qf3 Kg7 58. Qf2 Qf6 59. Qe3 h5 60. Qe2 Qc3 61. Qf2 Qe5 62. Qf3 Qf6 63. Qe2 Qf5 64. Qb2+ Qf6 65. Qd2 Kh7 66. Qe2 Qe6 67. Qf2 f6 68. Qc2 Kg7 69. Qc7+ Qf7 70. Qf4 Qe7 71. Qf2 Qe6 72. Qc2 Kf7 73. Qc7+ Qe7 74. Qc4+ Kg7 75. Qc2 Qe5 76. Qd2 Qb5 77. Qf2 Qa4 78. Qe3 Qb4 79. Qe2 Qf8 80. Qe6 Qf7 81. Qd6 Qf8 82. Qd7+ Qf7 83. Qd6 Kh7 84. Qd4 Kg8 85. Qd8+ Kg7 86. Qd4 Qa2+ 87. Kh3 Qe6+ 0-1

[Event "Titled Tuesday intern op 05th Mar Late"]
[Site "Chess.com INT"]
[Date "2024.03.05"]
[Round "10"]
[White "Spitzl, Vinzent"]
[Black "Goryachkina, Aleksandra"]
[Result "1/2-1/2"]
[WhiteElo "2365"]
[BlackElo "2553"]
[PlyCount "110"]
[EventDate "2024.03.05"]
[EventType "swiss (blitz)"]
[EventRounds "11"]
[EventCountry "USA"]
[SourceTitle "EXT 2025"]
[Source "ChessBase"]
[SourceDate "2024.10.14"]
[SourceVersion "1"]
[SourceVersionDate "2024.10.14"]
[SourceQuality "1"]

1. e4 c5 2. Nf3 e6 3. d4 cxd4 4. Nxd4 Nc6 5. Nc3 Bc5 6. Nb3 Bb4 7. Bd3 Nge7 8. 0-0 0-0 9. Bd2 f5 10. a3 Bxc3 11. Bxc3 fxe4 12. Bxe4 Nf5 13. Qg4 Qe7 14. Rfe1 Nh6 15. Qh5 Qf7 16. Qxf7+ Nxf7 17. Rad1 d5 18. Bf3 Ng5 19. Bg4 Ne4 20. f3 Nxc3 21. bxc3 Kf7 22. Nc5 Re8 23. f4 b6 24. Nd3 Ba6 25. Ne5+ Nxe5 26. Rxe5 Re7 27. f5 exf5 28. Rxf5+ Kg8 29. Rfxd5 Rae8 30. Rd7 g6 31. Rxe7 Rxe7 32. Kf2 Kg7 33. Rd7 Rxd7 34. Bxd7 Kf6 35. Ke3 Ke5 36. g3 Bc4 37. h4 h6 38. Bg4 g5 39. hxg5 hxg5 40. Bf3 Be6 41. Be2 Bf5 42. Bd3 Be6 43. Kf3 Bd7 44. Be4 Be6 45. Ke3 Bd7 46. Bf3 Be6 47. Kd3 Bf5+ 48. Kd2 Be6 49. Ke3 Bf5 50. Bd1 Be6 51. Be2 Bd7 52. Bd3 Be6 53. Be4 Bd7 54. Kd3 Bb5+ 55. Ke3 Bd7 1/2-1/2

[Event "Titled Tuesday intern op 05th Mar Late"]
[Site "Chess.com INT"]
[Date "2024.03.05"]
[Round "1"]
[White "Spitzl, Vinzent"]
[Black "Hemam, Moulaye Brahim"]
[Result "1-0"]
[WhiteElo "2365"]
[BlackElo "1977"]
[PlyCount "47"]
[EventDate "2024.03.05"]
[EventType "swiss (blitz)"]
[EventRounds "11"]
[EventCountry "USA"]
[SourceTitle "EXT 2025"]
[Source "ChessBase"]
[SourceDate "2024.10.14"]
[SourceVersion "1"]
[SourceVersionDate "2024.10.14"]
[SourceQuality "1"]

1. e4 d6 2. d4 Nf6 3. Nc3 g6 4. Be3 Bg7 5. h3 0-0 6. Nge2 e5 7. g4 exd4 8. Bxd4 Nc6 9. Be3 Re8 10. Bg2 Be6 11. 0-0 h5 12. g5 Nd7 13. Qd2 Nb6 14. b3 d5 15. exd5 Nxd5 16. Nxd5 Bxd5 17. Qxd5 Qxd5 18. Bxd5 Bxa1 19. Bxc6 bxc6 20. Rxa1 a5 21. a4 c5 22. Nc3 c4 23. Nd5 Rec8 24. Ne7+ 1-0

[Event "Titled Tuesday intern op 05th Mar Early"]
[Site "Chess.com INT"]
[Date "2024.03.05"]
[Round "11"]
[White "Spitzl, Vinzent"]
[Black "Iskusnyh, Sergei"]
[Result "1-0"]
[WhiteElo "2365"]
[BlackElo "2440"]
[PlyCount "95"]
[EventDate "2024.03.05"]
[EventType "swiss (blitz)"]
[EventRounds "11"]
[EventCountry "USA"]
[SourceTitle "EXT 2025"]
[Source "ChessBase"]
[SourceDate "2024.10.14"]
[SourceVersion "1"]
[SourceVersionDate "2024.10.14"]
[SourceQuality "1"]

1. e4 e6 2. d4 d5 3. Nd2 c5 4. exd5 Qxd5 5. Ngf3 cxd4 6. Bc4 Qd6 7. 0-0 Nf6 8. Nb3 Nc6 9. Nbxd4 Nxd4 10. Qxd4 Qxd4 11. Nxd4 Bd7 12. Be2 Bc5 13. Nb3 Bb6 14. Bf3 0-0-0 15. a4 Bc6 16. Bxc6 bxc6 17. a5 Bc7 18. Be3 Bb8 19. Nd4 Rd6 20. Ra4 Rhd8 21. Rc4 Kd7 22. Bf4 c5 23. Bxd6 Kxd6 24. Rd1 cxd4 25. Rcxd4+ Nd5 26. c4 Rc8 27. cxd5 e5 28. Rb4 f5 29. Rb7 e4 30. g3 g5 31. b4 f4 32. b5 h5 33. a6 h4 34. b6 axb6 35. Rxb6+ Ke5 36. Rb7 e3 37. fxe3 f3 38. a7 Bxa7 39. Rxa7 Rc2 40. gxh4 g4 41. d6 Rg2+ 42. Kh1 Re2 43. d7 f2 44. Rf1 g3 45. hxg3 Ke4 46. Kg2 Rd2 47. Rxf2 Rd6 48. Rf8 1-0

[Event "Titled Tuesday intern op 05th Mar Late"]
[Site "Chess.com INT"]
[Date "2024.03.05"]
[Round "5"]
[White "Spitzl, Vinzent"]
[Black "Lacasa Diaz, Jose Antonio"]
[Result "1-0"]
[WhiteElo "2365"]
[BlackElo "2343"]
[PlyCount "125"]
[EventDate "2024.03.05"]
[EventType "swiss (blitz)"]
[EventRounds "11"]
[EventCountry "USA"]
[SourceTitle "EXT 2025"]
[Source "ChessBase"]
[SourceDate "2024.10.14"]
[SourceVersion "1"]
[SourceVersionDate "2024.10.14"]
[SourceQuality "1"]

1. e4 c5 2. Nf3 d6 3. d4 cxd4 4. Nxd4 Nf6 5. Nc3 g6 6. Be3 Bg7 7. f3 0-0 8. Qd2 Nc6 9. 0-0-0 d5 10. exd5 Nxd5 11. Nxc6 bxc6 12. Nxd5 cxd5 13. Qxd5 Qc7 14. Qc5 Qb7 15. b3 Bf5 16. Bd3 Rfc8 17. Qa5 Rc3 18. Bxf5 Rxe3 19. Be4 Rxe4 20. Rd8+ Rxd8 21. Qxd8+ Bf8 22. fxe4 Qxe4 23. Qd2 Qe5 24. c3 h5 25. Kb2 Bg7 26. h3 Bf6 27. Re1 Qc5 28. Qe3 Qc7 29. Rd1 Kg7 30. b4 Qb7 31. Rd2 Qxb4+ 32. Kc2 Qa4+ 33. Kc1 Qa3+ 34. Kc2 Qxa2+ 35. Kd3 Qb1+ 36. Ke2 a5 37. c4 a4 38. c5 Qb5+ 39. Kf2 Qc4 40. Rd1 Qc2+ 41. Rd2 Qc4 42. Rd1 a3 43. Rc1 Qh4+ 44. g3 Qxh3 45. c6 a2 46. c7 a1Q 47. c8Q Qxc8 48. Rxc8 Qb2+ 49. Qe2 Qd4+ 50. Kf1 Qd7 51. Rc2 Qh3+ 52. Qg2 Qf5+ 53. Qf2 Qd3+ 54. Kg2 Qe4+ 55. Kf1 Qd3+ 56. Kg2 Qe4+ 57. Kf1 h4 58. Qg2 Qd3+ 59. Qe2 Qxg3 60. Qf2 Qh3+ 61. Ke2 Qg4+ 62. Qf3 Qe6+ 63. Kf1 1-0

[Event "Titled Tuesday intern op 05th Mar Early"]
[Site "Chess.com INT"]
[Date "2024.03.05"]
[Round "1"]
[White "Spitzl, Vinzent"]
[Black "Lorans, Sylvain"]
[Result "1-0"]
[WhiteElo "2365"]
[BlackElo "2090"]
[PlyCount "57"]
[EventDate "2024.03.05"]
[EventType "swiss (blitz)"]
[EventRounds "11"]
[EventCountry "USA"]
[SourceTitle "EXT 2025"]
[Source "ChessBase"]
[SourceDate "2024.10.14"]
[SourceVersion "1"]
[SourceVersionDate "2024.10.14"]
[SourceQuality "1"]

1. e4 e6 2. d4 d5 3. Nd2 c5 4. exd5 Qxd5 5. Ngf3 cxd4 6. Bc4 Qd6 7. 0-0 Nf6 8. Nb3 Nc6 9. Nbxd4 Nxd4 10. Qxd4 Qxd4 11. Nxd4 a6 12. a4 Bd6 13. Be2 e5 14. Nb3 Bf5 15. Na5 Rb8 16. Be3 0-0 17. Ba7 Ra8 18. Nxb7 Rxa7 19. Nxd6 Bxc2 20. Rfc1 Bb3 21. Ra3 Be6 22. b4 g6 23. g3 Rd8 24. Rc6 Nd5 25. b5 Nb4 26. Rb6 Nd5 27. Rb7 Raa8 28. Ne4 axb5 29. Bxb5 1-0

[Event "Titled Tuesday intern op 05th Mar Late"]
[Site "Chess.com INT"]
[Date "2024.03.05"]
[Round "6"]
[White "Spitzl, Vinzent"]
[Black "Wafa, Hamed"]
[Result "0-1"]
[WhiteElo "2365"]
[BlackElo "2392"]
[PlyCount "84"]
[EventDate "2024.03.05"]
[EventType "swiss (blitz)"]
[EventRounds "11"]
[EventCountry "USA"]
[SourceTitle "EXT 2025"]
[Source "ChessBase"]
[SourceDate "2024.10.14"]
[SourceVersion "1"]
[SourceVersionDate "2024.10.14"]
[SourceQuality "1"]

1. d4 Nf6 2. Nf3 b6 3. c4 Bb7 4. a3 e6 5. Bf4 Be7 6. Nc3 0-0 7. e3 h6 8. h3 d6 9. Be2 Nbd7 10. Qc2 c5 11. 0-0 a6 12. Bh2 cxd4 13. Nxd4 Rc8 14. Rfd1 Qc7 15. e4 Ne5 16. b3 b5 17. f4 Nc6 18. Nxc6 Qxc6 19. Bf3 Qb6+ 20. Kh1 bxc4 21. b4 Rfd8 22. Bg1 Qc7 23. Be3 Bc6 24. Qf2 Qb7 25. Qc2 d5 26. e5 Ne4 27. Bxe4 dxe4 28. Ne2 Rd3 29. Qc1 Ba4 30. Rf1 c3 31. Nd4 Qd5 32. f5 Rxd4 33. f6 Bf8 34. fxg7 Bxg7 35. Bxh6 Qxe5 36. Bxg7 Kxg7 37. Qe1 c2 38. Qh4 e3 39. Rxf7+ Kxf7 40. Qh7+ Ke8 41. Qg8+ Kd7 42. Qf7+ Kd6 0-1